02378nam a2200361 i 4500001001000000003000900010005001700019007000300036008004100039040003000080082003000110245024800140264003900388300005400427336002700481337003300508338002800541533008800569590002600657650007300683651008900756651007200845700004300917700004000960910003801000942001401038952022801052952014801280952021201428952014801640952021101788999001701999000032833DO-SdBNP20240422101417.0ta110329s1973 dr ac r 000 0 spa d aDO-SdBNPbspacBNPHUerda 4a972.9305bD637h, 197322200aDocumentos históricos que se refieren a la intervención armada de los Estados Unidos de Norteamérica y la implantación de un gobierno militar americano en la República Dominicana /crecopilado por, Antonio Hoepelman y Juan A. Senior. aSanto Domingo :bEducativa,c1973. a322 páginas :bilustraciones, retratos;c24 cm. 2rdacontentatextobtxt 2rdamediaasin mediaciónbn 2rdacarrieravolumenbnc aFacsímilbSanto DomingocImprenta de J.R. vda. Garcíad1922.nsegunda edición aInventariado, 2018/VM 4aEstados unidosxRelaciones exterioreszRepública Dominicana944925 0aRepública Dominicana --xHistoria --yOcupación norteamericana, 1916-1924 91926 4aRepública DominicanaxRelaciones exterioreszEstados Unidos963081 aHoepelman, Antonio,ecompilador9359711 aSenior, Juan A.,ecompilador954125 aValidado. Control de calidad. EMS 2ddccLBS1 00102ddc56708DSaBNPHUbBNPHUcHDd2018-08-27eDonaciónl0oBNPHU DS 972.9305 D637h, 1973p32833-30r2020-06-25te. 3w2020-06-25yLBS1zPerteneció a la biblioteca personal de Carlos Larrazabal Blanco.ZNo se presta 00102ddc56708DSaBNPHUbBNPHUcHDd2018-08-27l0oBNPHU DS 972.9305 D637h, 1973p32833-40r2020-06-25te. 4w2020-06-25yLBS1ZNo se presta 00102ddc51708PDaBNPHUbBNPHUcHDd2011-07-27eDonaciónl0oBNPHU PD 972.9305 D637h, 1973p32833-10r2020-06-25w2020-06-25yLF2zPerteneció a la biblioteca personal de Martínez Boog.ZNo se presta 00102ddc51708PDaBNPHUbBNPHUcHDd2011-07-27l0oBNPHU PD 972.9305 D637h, 1973p32833-20r2020-06-25te. 2w2020-06-25yLBS1ZNo se presta 00102ddc56708DSaBNPHUbBNPHUcHDd2024-04-19eDonaciónl0oBNPHU DS 972.9305 D637h, 1973p2024-2403r2024-04-19te.5w2024-04-19yLBS1zPerteneció a la biblioteca personal de Emilio Cordero Michel. c32324d32324